Carregant...

But jab bole hain/

Dades bibliogràfiques
Autor principal: Sudha Arora
Idioma:Hindi
Publicat: Alahabad : Lokabarati, cc2015.
LEADER 00329nam a22001337a 4500
008 200110b ||||| |||| 00| 0 hin d
999 |c 347527  |d 347527 
020 |a 9789352210077 
041 |a Hindi 
100 |a Sudha Arora 
245 |a But jab bole hain/  |c Sudha Arora 
260 |a Alahabad :  |b Lokabarati,  |c cc2015. 
300 |a 168p.; 
942 |c BK